| 000 | 00532nam a22001817a 4500 | ||
|---|---|---|---|
| 999 |
_c6588 _d6588 |
||
| 003 | GBCCL | ||
| 005 | 20241126110606.0 | ||
| 008 | 180518b ||||| |||| 00| 0 eng d | ||
| 020 | _a0871483149 | ||
| 040 | _cgbc | ||
| 082 |
_a268.8995 _bEVA |
||
| 245 |
_aEvangelical Sunday School lesson commentary: _b1986-87 / _cEdited by James H. Humbertson,...et.al. |
||
| 260 |
_bPathway Press, _aCleveland: _c1986 |
||
| 300 |
_a455 p.; _bmap, _c22 cm. |
||
| 650 |
_aReligious training _911792 |
||
| 650 |
_aSunday School _99573 |
||
| 942 |
_2ddc _cBK |
||